Max's checkup / (Record no. 6740)

MARC details
000 -LEADER
fixed length control field 01170cam a2200349 a 4500
001 - CONTROL NUMBER
control field 6740
003 - CONTROL NUMBER IDENTIFIER
control field FISKH
005 - DATE AND TIME OF LATEST TRANSACTION
control field 20250530114326.0
008 - FIXED-LENGTH DATA ELEMENTS--GENERAL INFORMATION
fixed length control field 090901s2010 nyua j 000 1 eng
010 ## - LIBRARY OF CONGRESS CONTROL NUMBER
LC control number 2009031270
020 ## - INTERNATIONAL STANDARD BOOK NUMBER
International Standard Book Number 9780448453767 (pbk.)
020 ## - INTERNATIONAL STANDARD BOOK NUMBER
International Standard Book Number 9780448453767
040 ## - CATALOGING SOURCE
Original cataloging agency DLC
Transcribing agency DLC
Modifying agency DLC
Language of cataloging eng
050 ## - LIBRARY OF CONGRESS CALL NUMBER
Classification number PZ7.M44646
082 ## - DEWEY DECIMAL CLASSIFICATION NUMBER
Classification number 544
100 ## - MAIN ENTRY--PERSONAL NAME
Personal name Wells, Rosemary
245 00 - TITLE STATEMENT
Title Max's checkup /
250 ## - EDITION STATEMENT
Edition statement This edition published in 2011
260 ## - PUBLICATION, DISTRIBUTION, ETC.
Place of publication, distribution, etc. New York :
Name of publisher, distributor, etc. Penquin Young Readers,
Date of publication, distribution, etc. 2010.
300 ## - PHYSICAL DESCRIPTION
Extent 32 pages :
Other physical details color illustrations ;
Dimensions 23 cm
490 0# - SERIES STATEMENT
Series statement All aboard reading. Level 1, beginning to read
Materials specified Penguin Young Readers :
Volume/sequential designation Level 2
500 ## - GENERAL NOTE
General note "Based upon the animated series Max & Ruby"--Verso t.p.
505 ## - FORMATTED CONTENTS NOTE
Formatted contents note G<br/>
520 ## - SUMMARY, ETC.
Summary, etc. Ruby wants to play doctor and give Max a checkup. But Max wants to draw. Will they agree on what to play?
521 8# - TARGET AUDIENCE NOTE
Target audience note 340<br/>
Source Lexile estiamte <br/>
521 8# - TARGET AUDIENCE NOTE
Target audience note G<br/>
Source Raz-Plus<br/>
650 ## - SUBJECT ADDED ENTRY--TOPICAL TERM
Topical term or geographic name entry element Bunnies
Form subdivision Children's Book
General subdivision Doctor
730 0# - ADDED ENTRY--UNIFORM TITLE
Uniform title Max & Ruby (Television program)
906 ## - LOCAL DATA ELEMENT F, LDF (RLIN)
a 7
b cbc
c orignew
d 1
e ecip
f 20
g y-gencatlg
942 ## - ADDED ENTRY ELEMENTS (KOHA)
Source of classification or shelving scheme Dewey Decimal Classification
Koha item type Books
Suppress in OPAC No
Holdings
Withdrawn status Lost status Source of classification or shelving scheme Damaged status Not for loan Collection Home library Current library Shelving location Date acquired Total Checkouts Full call number Barcode Date last seen Copy number Price effective from Koha item type
    Dewey Decimal Classification     Juvenile Fiction Footprints International School Library Network Toul Kork Campus Footprints International School Library Network Toul Kork Campus TK Primary Library Room(4th Floor), Bookcase 7, Shelves 57-60, Dark Green Books 05/23/2025   WEL 544 PZ7.M44646 FISTK01319 05/23/2025 1 05/23/2025 Books
    Dewey Decimal Classification     Juvenile Fiction Footprints International School Library Network Toul Kork Campus Footprints International School Library Network Toul Kork Campus TK Primary Library Room(4th Floor), Bookcase 7, Shelves 57-60, Dark Green Books 05/30/2025   WEL 544 PZ7.M44646 FISTK01322 05/30/2025 2 05/30/2025 Books